LEADER 01184nam a2200277 a 4500 001 000000105151 003 CaOOAMICUS 005 20070521123159.0 008 070521s2006 it 001 0 ita d 020 $a88-372-2043-X 040 $aPUG$bita$dPUL$dLDB 100 1 $aZmijewski, Josef,$eed.$0(OLS)http://pul/name/53503 240 14$aDie Apostelgeschicte$lItaliano.$0(OLS)http://pul/title/132278 245 10$aAtti degli Apostoli /$ctradotti e commentati da Josef Zmijewski. 260 $aBrescia :$bMorcelliana,$c2006. 300 $a1307 p. ;$c24 cm 490 1 $aIl Nuovo Testamento commentato 504 $aBibliografia: p. [1199]-1224. 630 04$aBiblia.$pN.T.$pActus apostolorum$xCommenti.$0(OLS)http://pul/subject/10480 830 3$aIl Nuovo Testamento commentato.$0(OLS)http://pul/title/43471 850 $aPUL 852 $aPUL$W1$xSL Religione 3$y85$m226. 6 ZMIJO 1$j117794$qDDC 21$B117742$CPULBib$Z2$F117742 $H103453 $82 941 1 $a9 996 $6020$a88-372-2043-X$9(OLS)http://pul/number/134443 996 $6245$aAtti degli Apostoli$9(OLS)http://pul/title/32648 996 $6260$aBrescia :$bMorcelliana$9(OLS)http://pul/publisher/47854 LEADER 01101nam a2200253 a 4500 001 000000148023 003 CaOOAMICUS 005 20151209140717.0 008 151209s2000 vc u000 u ita r 032 $aLibriCat 040 $aPUL$bita 245 00$aEucaristia Porta Santa giubilare /$cpresentazione di S.E. Card. Camillo Ruini. 260 $aCittą del Vaticano :$bL'Osservatore Romano,$c©2000. 300 $a201 p. ;$c21 cm. 490 1 $aQuaderni de "L'Osservatore Romano" ;$v51 650 4$aGiubilei cristiani$y2025$xTesti liturgici.$0(OLS)http://pul/subject/17075 700 1 $aRuini, Camillo,$ccard.,$d1931-$0(OLS)http://pul/name/19821 830 0$aQuaderni de "L'Osservatore Romano" ;$v51.$0(OLS)http://pul/title/1262 850 $aPUL 852 $aPUL$W1$xDP1 Fondo Bordoni$y120$m3 B 63$j162969$qFondi$B171845$CPULBib$Z2$F171845 $HBor1799 $81 941 1 $a1 996 $6245$aEucaristia Porta Santa giubilare$9(OLS)http://pul/title/186783 996 $6260$aCittą del Vaticano :$bL'Osservatore Romano$9(OLS)http://pul/publisher/64756